000 00865cam a2200253 i 4500
005 20260408092234.0
008 140430t20142014enkab b 001 0 eng
010 _a 2014011556
020 _a9781780642659
_qhbk : alk. paper
040 _aLC
_cUNZA
_eRDA
050 0 0 _aRA 793
_bCLI 2014
245 0 0 _aClimate change and global health /
_cedited by Professor Colin D. Butler, Faculty of Health, The University of Canberra, University Drive, Bruce, ACT 2617, Australia.
260 _aBoston :
_bCABI,
_c2014.
300 _axxiv, 303 pages :
_billustrations.
336 _atext
337 _aunmediated
338 _avolume
504 _aIncludes bibliographical references and index.
650 0 _aClimatic changes
_xHealth aspects.
650 0 _aMedical climatology.
650 0 _aWorld health.
700 1 _aButler, Colin D.
_eeditor
942 _cBOOK
999 _c216441
_d216441